000 00190 a2200097 4500
001 1409
100 _aBallard,W.E
245 _aMetal spraying
260 _a
_bGriffen
_c
090 _c958
_d958
942 _aNUST-CAE
_cM
_c36466
999 _c236482
_d236482